000 00417nmm a2200145Ia 4500
008 251105s9999||||xx |||||||||||||||||und||
041 _aspa
100 _aMora, Camilla
245 0 _aDespertar a tu lado :
_b Corazones en Manhattan 3
264 _a[Madrid, España] :
_bEdiciones B,
_c2017
300 _a254 páginas
650 _aRomance
856 _uhttps://public.digitaliapublishing.com/a/54507
942 _cCF
999 _c106328
_d106328